Competition and monopoly in American industry.

Bibliographic Details
Main Author: Wilcox, Clair, 1898-1970
Format: Book
Language:English
Published: Westport, Conn. : Greenwood Press, [1970]
Subjects:

MARC

Tag First Indicator Second Indicator Subfields
LEADER 00000cam a2200000 4500
001 in00000217543
005 20151009080259.0
008 701001r19701940ctu b 00100 eng
010 |a  69014151  
020 |a 0837131731 
035 |a (OCoLC)00093962 
035 |9 AAZ5039AM 
040 |a DLC  |c DLC  |d TXA  |d UtOrBLW 
043 |a n-us--- 
049 |a TXAM  |c [852464] 
050 0 0 |a HC106.3  |b .W49 1970 
082 0 |a 338.8/2/0973 
100 1 |a Wilcox, Clair,  |d 1898-1970. 
245 1 0 |a Competition and monopoly in American industry. 
264 1 |a Westport, Conn. :  |b Greenwood Press,  |c [1970] 
300 |a xi, 344 pages ;  |c 34 cm. 
336 |a text  |b txt  |2 rdacontent 
337 |a unmediated  |b n  |2 rdamedia 
338 |a volume  |b nc  |2 rdacarrier 
500 |a Reprint of the 1940 edition. 
504 |a Includes bibliographical references. 
650 0 |a Competition. 
650 0 |a Monopolies  |z United States. 
650 0 |a Industries  |z United States. 
999 |a MARS 
999 f f |s 2a8f62e1-edbe-3a8a-ab56-eb0993546cc3  |i 6478265a-cc92-3eca-8da0-58095437a65c  |t 0 
952 f f |p ric  |a Texas A&M University  |b Rellis Campus  |c Joint Library Facility  |d Remote Storage  |t 0  |e HC106.3 .W49 1970  |h Library of Congress classification  |i unmediated -- volume  |m A14802572458 
998 f f |a HC106.3 .W49 1970  |t 0  |l Remote Storage